56 canciones catalanas más reproducidas en Spotify - Estadísticas

Estadísticas generales
  • Esta prueba ha sido intentada 153 veces
  • La puntuación promedio es 18 de 56
Estadísticas de respuestas
Hint Respuesta % Correcto
The Tyets Coti x Coti
77%
Oques Grasses & Rita Payés La gent que estimo
73%
Buhos Volcans
71%
Rosalía Milionària
66%
Miki Nuñez Escriurem
65%
Txarango Una lluna a l'aigua
59%
Zoo Tobogan
56%
Blaumut Pa amb oli i sal
50%
Joan Dausà Jo mai mai
48%
Figa Flawas La Marina sta morena
47%
The Tyets Olivia
47%
Manel Benvolgut
44%
Oques Grasses Elefants
43%
Mushkaa, Bad Gyal SexeSexy
43%
Txarango Músic de carrer
42%
Doctor Prats Caminem lluny
41%
Teràpia de shock Sense tu
41%
Blaumut Bicicletes
38%
Sau Boig per tu
38%
Manel Al mar!
34%
The Tyets Bailoteo
33%
Oques Grasses In the night
32%
31FAM Valentina
29%
Txarango Compta amb mi
28%
Zoo Estiu
28%
The Tyets La platja
27%
La Fúmiga, El Diluvi i VaDeBo Mediterrània
26%
31 FAM Nens del barri
26%
Stay Homas & Oques Grasses The bright side
26%
Zoo Ventiladors
26%
Zoo Vull
26%
Sopa de Cabra Camins
24%
Doctor Prats Les nits no moren mai
24%
31FAM Sincero
24%
The Tyets De l'1 al què
23%
Els Amics de les Arts Jean-Luc
23%
Txarango Quan tot s'enlaira
23%
Oques Grasses Serem ocells
23%
Oques Grasses Sta guai
22%
Suu Tant de bo
22%
Els Catarres Vull estar amb tu
22%
La Gossa Sorda Esbarzers
21%
Txarango La dansa del vestit
20%
Figa Flawas Mussegu
18%
Doctor Prats Tu fas
18%
Txarango & Jarabe de Palo Mil ocells
17%
Buhos Barcelona s'il·lumina
15%
Oques Grasses Torno a ser jo
15%
Manel Ai, Dolors
14%
Els Catarres Fins que arribi l'alba
14%
Oques Grasses Petar-ho
14%
La Fúmiga, The Tyets Cap. 2: Havia de Passar
13%
Aspencat Quan caminàvem
11%
Txarango Agafant l'horitzó
10%
Els Catarres En peu de guerra
9%
Bad Gyal Yo sigo iual
4%
No se encontraron pruebas coincidentes
Distribución de puntuación
Porcentaje de gente con cada puntuación
Porcentaje por número respondido
Historial de tus puntuaciones
No has intentado esta prueba.